000 00248nam a2200097Ia 4500
001 706421
005 20250826162448.0
008 250824s9999 xx 000 0 und d
245 0 _aKÜTÜBİ SİTTE XVIII
_cİBRAHİM CANAN
260 _bAKÇAĞ YAYINLARI
999 _c706421
_d706421